000 00878nam a2200253 a 4500
003 OSt
005 20210818181658.0
008 050309s2005 ck a jr 00011 spa d
020 _a9789583017278
040 _bspa
_a
041 0 _aspa
082 0 4 _a863.6
_bS571s
100 1 _aSierra i Fabra, Jordi,
_d1947-
245 1 3 _aEl secreto de las perlas
_cJordi Sierra i Fabra ; ilustraciones María Fernanda Mantilla.
260 _aBogotá
_bPanamericana Editorial
_c2005
300 _a155 páginas
_bilustraciones
_c21 centímetros
490 _aLiteratura juvenil
650 4 _aCuentos juveniles españoles.
650 4 _aPesca
_x Cuentos juveniles.
650 _aEcología
_x Cuentos juveniles.
650 4 _aSolidaridad
_x Cuentos juveniles.
700 1 _aMantilla, María Fernanda,
_eilustradora
942 _2ddc
_h863.6 S571s
_k863.6
_mS571s
999 _c11893
_d11893